Statistics for Most Famous Country by Initial Letter

Click here to take the quiz!

General Stats

  • This quiz has been taken 1,554 times
    (1,515 since last reset)
  • The average score is 14 of 24

Answer Stats

LETTER% guessedCOUNTRY% Correct
F95%France
86%
C97%Canada
83%
U97%United States
81%
G93%Germany
78%
A95%Australia
77%
B95%Brazil
74%
D85%Denmark
72%
I94%India
71%
J93%Japan
71%
Y74%Yemen
70%
O72%Oman
69%
Q62%Qatar
66%
Z71%Zimbabwe
62%
R96%Russia
60%
H76%Hungary
54%
M95%Mexico
47%
S93%Spain
45%
E91%Egypt
44%
V81%Vietnam
41%
P90%Portugal
33%
T87%Turkey
32%
K77%Kazakhstan
31%
N89%New Zealand
19%
L76%Libya
18%

Score Distribution

Percentile by Number Answered

Percent of People with Each Score

Your Score History

You have not taken this quiz since the last reset